| 000 | 00554nam a2200193Ia 4500 | ||
|---|---|---|---|
| 008 | 210417s9999 xx 000 0 und d | ||
| 020 | _a9781138917972 | ||
| 020 | _b1138917974 | ||
| 082 | _a427.94134 BRO | ||
| 082 | _b22.427.94134 BRO | ||
| 245 | 0 | _aQuestions of intonation | |
| 245 | 0 | _cQuestions of intonation | |
| 250 | _b"206 p. : ill. ; 22 cm., hbk." | ||
| 260 | _aLondon | ||
| 260 | _bRoutledge Taylor and francis group | ||
| 260 | _c2015 | ||
| 700 | _a"Brown, Gillian" | ||
| 700 | _b"Gillian Brown, Karen L Currie and Joanne Kenworthy" | ||
| 999 |
_c487388 _d487388 |
||